| 000 | 00831nam a22002177a 4500 | ||
|---|---|---|---|
| 003 | OSt | ||
| 005 | 20220107122725.0 | ||
| 008 | 131022b xxu||||| |||| 00| 0 eng d | ||
| 020 | _a9783319017778 | ||
| 040 | _cIIITM-K | ||
| 082 | _a006.3 THA/R | ||
| 245 | 0 | 0 |
_aRecent advances in intelligent informatics: _bProceedings of the Second International Symposium on Intelligent Informatics (ISI'13), August 23-24 2013, Mysore, India _cedited by Sabu M. Thampi, Ajith Abraham, Sankar Kumar Pal. |
| 260 |
_aLondon, _bSpringer, _c2014. |
||
| 300 | _axvii, 466p. | ||
| 490 | 0 |
_aSpringer series in Advances in intelligent systems and computing; _v235 |
|
| 650 |
_aINTELLIGENT COMPUTING _92508 |
||
| 650 |
_aINTELLIGENT SYSTEMS _92509 |
||
| 650 |
_aINTELLIGENT INFORMATICS _92510 |
||
| 700 |
_aThampi, Sabu M et.al _92515 |
||
| 942 |
_2ddc _cBK |
||
| 999 |
_c3403 _d3403 |
||